[Event "PRO League KO Stage"]
[Site "Chess.com INT"]
[Date "2018.03.21"]
[Round "2"]
[White "Akobian, Varuzhan"]
[Black "Flores Rios, Mauricio"]
[Result "1/2-1/2"]
[WhiteElo "2640"]
[BlackElo "2529"]
[PlyCount "112"]
[EventDate "2018.03.13"]
[EventType "team-k.o. (rapid)"]
[EventRounds "4"]
[EventCountry "USA"]
[SourceTitle "CBM 183 Extra"]
[Source "ChessBase"]
[SourceDate "2018.04.19"]
[SourceVersion "1"]
[SourceVersionDate "2018.04.19"]
[SourceQuality "1"]
[WhiteTeam "Saint Louis Arch Bishops"]
[BlackTeam "Minnesota Blizzard"]
[WhiteTeamCountry "USA"]
[BlackTeamCountry "USA"]

1. d4 Nf6 2. c4 g6 3. Nc3 Bg7 4. e4 d6 5. Nf3 0-0 6. h3 e5 7. d5 a5 8. Bg5 Na6 9. Bd3 Qe8 10. g4 Nd7 11. Rg1 Ndc5 12. Be2 Kh8 13. Qd2 Nb4 14. Be3 Bd7 15. Bxc5 dxc5 16. a3 Na6 17. 0-0-0 c6 18. h4 cxd5 19. Nxd5 Ba4 20. Rde1 Qd8 21. h5 Kg8 22. Rh1 Nc7 23. hxg6 hxg6 24. Rh3 Nxd5 25. cxd5 Bd7 26. Rh4 b5 27. Reh1 Re8 28. Rh7 Qf6 29. g5 Qf4 30. R7h4 Qxd2+ 31. Kxd2 Rec8 32. Nh2 f5 33. exf5 gxf5 34. f4 e4 35. Nf1 Bxb2 36. Ng3 c4 37. Nh5 Be8 38. Nf6+ Bxf6 39. gxf6 Bg6 40. Rg1 Kf7 41. Rh6 Rg8 42. Kc3 Ra6 43. a4 b4+ 44. Kxc4 Rxf6 45. Kd4 Kg7 46. Rh3 Rb8 47. Rhg3 b3 48. Bb5 b2 49. Rb1 Rd6 50. Rxb2 Kf6 51. Rh2 Rbd8 52. Bc4 Rc8 53. Rh6 Kg7 54. Rh2 Kf6 55. Rh6 Kg7 56. Rh1 Kf6 1/2-1/2

[Event "PRO League KO Stage"]
[Site "Chess.com INT"]
[Date "2018.03.21"]
[Round "2"]
[White "Flores Rios, Mauricio"]
[Black "Fedoseev, Vladimir1111"]
[Result "1-0"]
[WhiteElo "2529"]
[BlackElo "2724"]
[PlyCount "117"]
[EventDate "2018.03.13"]
[EventType "team-k.o. (rapid)"]
[EventRounds "4"]
[EventCountry "USA"]
[SourceTitle "CBM 183 Extra"]
[Source "ChessBase"]
[SourceDate "2018.04.19"]
[SourceVersion "1"]
[SourceVersionDate "2018.04.19"]
[SourceQuality "1"]
[WhiteTeam "Minnesota Blizzard"]
[BlackTeam "Saint Louis Arch Bishops"]
[WhiteTeamCountry "USA"]
[BlackTeamCountry "USA"]

1. d4 Nf6 2. c4 e6 3. g3 d5 4. Nf3 dxc4 5. Bg2 Nc6 6. Qa4 Bb4+ 7. Bd2 Nd5 8. Qb5 Bxd2+ 9. Nbxd2 c3 10. bxc3 Nxc3 11. Qd3 Nd5 12. 0-0 0-0 13. Rfc1 Qe7 14. Rab1 Rd8 15. Qc4 Nb6 16. Qc3 e5 17. dxe5 Be6 18. Nb3 Bxb3 19. Rxb3 Re8 20. Ne1 Qxe5 21. Bxc6 bxc6 22. Qxe5 Rxe5 23. e3 Ra5 24. Rb2 c5 25. Rbc2 c4 26. Nf3 Rd8 27. Nd2 g5 28. g4 c3 29. Ne4 Ra4 30. f3 Rd3 31. Nc5 Rxe3 32. Nxa4 Nxa4 33. Kf2 Re5 34. Rb1 c5 35. Rb5 Nb2 36. Rb8+ Kg7 37. Rd8 Na4 38. Re2 Kf6 39. Rd6+ Re6 40. Rexe6+ fxe6 41. Ke3 Nb2 42. Ra6 c4 43. Ra3 Ke5 44. Ra5+ Kd6 45. Ra3 Kc5 46. Ke2 Kd4 47. Rxa7 Nd3 48. Rd7+ Ke5 49. Rxd3 cxd3+ 50. Kxd3 Kf4 51. a4 Kxf3 52. a5 e5 53. a6 e4+ 54. Kc2 e3 55. a7 e2 56. a8Q+ Kf2 57. Qf8+ Kg2 58. Qe7 Kf2 59. Qf6+ 1-0

[Event "PRO League KO Stage"]
[Site "Chess.com INT"]
[Date "2018.03.13"]
[Round "1"]
[White "Cervantes Landeiro, Thalia"]
[Black "Flores Rios, Mauricio"]
[Result "0-1"]
[WhiteElo "2154"]
[BlackElo "2529"]
[PlyCount "52"]
[EventDate "2018.03.13"]
[EventType "team-k.o. (rapid)"]
[EventRounds "4"]
[EventCountry "USA"]
[SourceTitle "CBM 183 Extra"]
[Source "ChessBase"]
[SourceDate "2018.04.19"]
[SourceVersion "1"]
[SourceVersionDate "2018.04.19"]
[SourceQuality "1"]
[WhiteTeam "Webster Windmills"]
[BlackTeam "Minnesota Blizzard"]
[WhiteTeamCountry "USA"]
[BlackTeamCountry "USA"]

1. d4 Nf6 2. c4 g6 3. Nc3 Bg7 4. e4 d6 5. f4 0-0 6. Nf3 c5 7. d5 e6 8. dxe6 fxe6 9. Bd3 Nc6 10. 0-0 Nh5 11. g3 b6 12. Be3 Bb7 13. Ng5 Bd4 14. Qe2 Qe7 15. Rae1 Rae8 16. Nb5 Bg7 17. e5 dxe5 18. Nxh7 Rf5 19. g4 Nxf4 20. Bxf4 Rxf4 21. Rxf4 exf4 22. Bxg6 Nd4 23. Nxd4 Bxd4+ 24. Kf1 Qh4 25. Ng5 Re7 26. Bh7+ Kg7 0-1

[Event "PRO League Stage"]
[Site "Chess.com INT"]
[Date "2018.03.07"]
[Round "9"]
[White "Flores Rios, Mauricio"]
[Black "Checa, Nicolas D"]
[Result "1/2-1/2"]
[WhiteElo "2529"]
[BlackElo "2486"]
[PlyCount "89"]
[EventDate "2018.01.18"]
[EventType "team-swiss (rapid)"]
[EventRounds "9"]
[EventCountry "USA"]
[SourceTitle "EXT 2019"]
[Source "ChessBase"]
[SourceDate "2018.10.10"]
[SourceVersion "1"]
[SourceVersionDate "2018.10.10"]
[SourceQuality "1"]
[WhiteTeam "Minnesota Blizzard"]
[BlackTeam "Montclair Sopranos"]
[WhiteTeamCountry "USA"]
[BlackTeamCountry "USA"]

1. d4 d5 2. c4 c6 3. Nf3 Nf6 4. Qb3 e6 5. g3 Nbd7 6. Bg2 Be7 7. 0-0 0-0 8. Nc3 b6 9. Bf4 Bb7 10. cxd5 Nxd5 11. Nxd5 exd5 12. Rfd1 Re8 13. Rac1 Bf6 14. Rd2 Qe7 15. h4 c5 16. dxc5 Nxc5 17. Qd1 Rac8 18. Bg5 Ne4 19. Bxf6 Qxf6 20. Rdc2 Rc5 21. Qd4 Rec8 22. Qxf6 Nxf6 23. Nd4 Rxc2 24. Rxc2 Rxc2 25. Nxc2 Kf8 26. Nd4 g6 27. Kf1 Ke7 28. Ke1 Kd6 29. Kd2 Kc5 30. e3 Ng4 31. f3 Ne5 32. Kc3 a5 33. Bf1 Nc4 34. Nb3+ Kd6 35. Bxc4 dxc4 36. Nd2 Kc5 37. a4 Bc6 38. g4 h6 39. g5 hxg5 40. hxg5 Bxa4 41. Nxc4 Be8 42. f4 a4 43. Ne5 b5 44. Nd3+ Kd5 45. Nf2 1/2-1/2

[Event "PRO League Stage"]
[Site "Chess.com INT"]
[Date "2018.02.24"]
[Round "7"]
[White "Flores Rios, Mauricio"]
[Black "Jobava, Baadur"]
[Result "0-1"]
[WhiteElo "2529"]
[BlackElo "2690"]
[PlyCount "130"]
[EventDate "2018.01.18"]
[EventType "team-swiss (rapid)"]
[EventRounds "9"]
[EventCountry "USA"]
[SourceTitle "EXT 2019"]
[Source "ChessBase"]
[SourceDate "2018.10.10"]
[SourceVersion "1"]
[SourceVersionDate "2018.10.10"]
[SourceQuality "1"]
[WhiteTeam "Minnesota Blizzard"]
[BlackTeam "Stockholm Snowballs"]
[WhiteTeamCountry "USA"]
[BlackTeamCountry "SWE"]

1. d4 Nf6 2. c4 g6 3. Nc3 Bg7 4. e4 0-0 5. Nf3 c6 6. e5 Ne8 7. Be2 d6 8. exd6 Nxd6 9. 0-0 Bg4 10. d5 Bxf3 11. Bxf3 Nxc4 12. Qb3 Nb6 13. Rd1 Qc7 14. Be3 N8d7 15. Rac1 Ne5 16. Be2 Qb8 17. Bxb6 axb6 18. Qxb6 Rc8 19. a3 h5 20. dxc6 Rxc6 21. Qb4 e6 22. h3 Qc7 23. Bb5 Rc5 24. Qe4 Rc8 25. Bf1 Qe7 26. Qb4 Bf6 27. Na2 Kg7 28. Rxc5 Rxc5 29. Nc3 Nc6 30. Qb3 Bxc3 31. bxc3 Qc7 32. c4 Ne5 33. Rd4 Kh7 34. a4 b6 35. Re4 Nc6 36. Qc3 e5 37. Re1 Nd4 38. f4 Nc6 39. fxe5 Nxe5 40. Re4 Qd6 41. Qd4 Qc7 42. Qc3 Ra5 43. Qe3 Qd6 44. Qf2 Kg7 45. Qb2 f6 46. Qf2 Qc5 47. Re3 Rxa4 48. Rb3 Rb4 49. Rxb4 Qxb4 50. Kh2 Qd6 51. Kh1 g5 52. Qf5 h4 53. Be2 Qd2 54. Qe4 Qc1+ 55. Kh2 Qf4+ 56. Qxf4 gxf4 57. Kg1 Kf8 58. Kf2 Ke7 59. Bf1 Kd6 60. Be2 Kc5 61. Bf1 Nxc4 62. Bd3 Ne5 63. Bf5 b5 64. Ke2 b4 65. Be6 Kd4 0-1

[Event "PRO League Stage"]
[Site "Chess.com INT"]
[Date "2018.01.25"]
[Round "2"]
[White "Mareco, Sandro"]
[Black "Flores Rios, Mauricio"]
[Result "1/2-1/2"]
[WhiteElo "2632"]
[BlackElo "2529"]
[PlyCount "74"]
[EventDate "2018.01.18"]
[EventType "team-swiss (rapid)"]
[EventRounds "9"]
[EventCountry "USA"]
[SourceTitle "CBM 182 Extra"]
[Source "ChessBase"]
[SourceDate "2018.02.23"]
[SourceVersion "1"]
[SourceVersionDate "2018.02.23"]
[SourceQuality "1"]
[WhiteTeam "Buenos Aires Krakens"]
[BlackTeam "Minnesota Blizzard"]
[WhiteTeamCountry "ARG"]
[BlackTeamCountry "USA"]

1. c4 g6 2. g3 Bg7 3. Bg2 c5 4. e3 Nc6 5. Nc3 e6 6. Nge2 Nge7 7. 0-0 0-0 8. b3 d5 9. Bb2 dxc4 10. bxc4 b6 11. Qb1 Bb7 12. Rd1 Qc8 13. Ne4 e5 14. Nd6 Qc7 15. Nxb7 Qxb7 16. Nc3 Rad8 17. d3 Qd7 18. a3 h5 19. h4 Kh8 20. Qc2 f5 21. Qe2 Rf7 22. Rd2 Rdf8 23. Nd5 Nxd5 24. Bxd5 Re7 25. Re1 Bf6 26. Qf3 Nd8 27. Kg2 Ne6 28. Bc3 Nc7 29. Bb7 Qe6 30. Qc6 Rd8 31. e4 f4 32. Qxe6 Nxe6 33. Bd5 Nd4 34. a4 f3+ 35. Kf1 Ne2 36. Rdxe2 fxe2+ 37. Kxe2 Kg7 1/2-1/2

[Event "PRO League Stage"]
[Site "Chess.com INT"]
[Date "2017.02.11"]
[Round "5"]
[White "Flores Rios, Mauricio"]
[Black "Miladinovic, Igor"]
[Result "1/2-1/2"]
[WhiteElo "2529"]
[BlackElo "2538"]
[PlyCount "82"]
[EventDate "2017.01.11"]
[EventType "team-swiss (rapid)"]
[EventRounds "7"]
[EventCountry "USA"]
[SourceTitle "CBM 176 Extra"]
[Source "ChessBase"]
[SourceDate "2017.03.02"]
[SourceVersion "1"]
[SourceVersionDate "2017.03.02"]
[SourceQuality "1"]
[WhiteTeam "Minnesota Blizzard"]
[BlackTeam "Odisha Express"]
[WhiteTeamCountry "UAE"]
[BlackTeamCountry "IND"]

1. d4 d5 2. c4 Nc6 3. Nc3 Nf6 4. Nf3 dxc4 5. Bg5 Nd5 6. e4 Nxc3 7. bxc3 Na5 8. Be2 c6 9. 0-0 g6 10. h4 Bg7 11. h5 h6 12. Be3 g5 13. g3 0-0 14. Nd2 e5 15. Nxc4 Nxc4 16. Bxc4 b5 17. Be2 f5 18. exf5 Bxf5 19. Qb3+ Kh8 20. Rad1 exd4 21. Bxd4 Bxd4 22. Rxd4 Qf6 23. Qb4 Rae8 24. Rd6 Re6 25. Rfd1 Rf7 26. Rxe6 Bxe6 27. Qd4 Bxa2 28. Qxf6+ Rxf6 29. Ra1 Bd5 30. Rxa7 Re6 31. Kf1 Re4 32. Rd7 Bc4 33. Bxc4 Rxc4 34. Rd3 g4 35. Ke2 Rc5 36. Rd6 Kh7 37. Kd3 Rxh5 38. Rxc6 Rf5 39. Ke2 h5 40. c4 bxc4 41. Rxc4 Kg6 1/2-1/2

[Event "USA tt"]
[Site "ICC INT"]
[Date "2015.10.20"]
[Round "9"]
[White "Holt, Conrad"]
[Black "Flores Rios, Mauricio"]
[Result "1-0"]
[WhiteElo "2529"]
[BlackElo "2531"]
[PlyCount "71"]
[EventDate "2015.08.25"]
[EventType "team-swiss"]
[EventRounds "10"]
[EventCountry "USA"]
[SourceTitle "EXT 2017"]
[Source "ChessBase"]
[SourceDate "2016.10.25"]
[SourceVersion "1"]
[SourceVersionDate "2016.10.25"]
[SourceQuality "1"]
[WhiteTeam "Dallas"]
[BlackTeam "Minnesota"]
[WhiteTeamCountry "USA"]
[BlackTeamCountry "USA"]

1. d4 Nf6 2. c4 g6 3. Nc3 d5 4. Nf3 Bg7 5. Qb3 dxc4 6. Qxc4 0-0 7. e4 a6 8. e5 b5 9. Qb3 Nfd7 10. Ng5 Nc6 11. Be3 Na5 12. Qd1 h6 13. Nxf7 Rxf7 14. e6 Rf8 15. exd7 Bxd7 16. Be2 Be6 17. 0-0 Nc4 18. Qc2 Kh7 19. Bd3 Bf5 20. Bxf5 Rxf5 21. b3 Na3 22. Qe4 b4 23. Ne2 Rb8 24. Nf4 Qd6 25. Rac1 e5 26. Rc6 Qxc6 27. Qxc6 exf4 28. Bd2 Nb5 29. Re1 Rb6 30. Qc4 a5 31. Re8 Bf8 32. Re5 Rxe5 33. dxe5 g5 34. g3 fxg3 35. hxg3 Bg7 36. f4 1-0

[Event "USA tt"]
[Site "ICC INT"]
[Date "2015.09.08"]
[Round "3"]
[White "Baryshpolets, Andrey"]
[Black "Flores Rios, Mauricio"]
[Result "1/2-1/2"]
[WhiteElo "2533"]
[BlackElo "2531"]
[PlyCount "81"]
[EventDate "2015.08.25"]
[EventType "team-swiss"]
[EventRounds "10"]
[EventCountry "USA"]
[SourceTitle "EXT 2016"]
[Source "ChessBase"]
[SourceDate "2015.10.08"]
[SourceVersion "1"]
[SourceVersionDate "2015.10.08"]
[SourceQuality "1"]
[WhiteTeam "Lubbock"]
[BlackTeam "Minnesota"]
[WhiteTeamCountry "USA"]
[BlackTeamCountry "USA"]

1. d4 Nf6 2. c4 g6 3. Nc3 d5 4. Nf3 Bg7 5. Qb3 dxc4 6. Qxc4 0-0 7. e4 a6 8. Be2 b5 9. Qb3 c5 10. dxc5 Be6 11. Qc2 Nbd7 12. Be3 Rc8 13. Rd1 b4 14. Na4 Qa5 15. 0-0 Nxe4 16. Qxe4 Qxa4 17. Ng5 Nxc5 18. Qh4 h6 19. Nxe6 Nxe6 20. Bc4 Bf6 21. Qe4 Kg7 22. Bxe6 fxe6 23. Qxe6 Qc6 24. Qh3 h5 25. Bd4 Rfd8 26. Qe3 Rd7 27. Bxf6+ exf6 28. Rxd7+ Qxd7 29. Qb6 Qb5 30. Qa7+ Kh6 31. h3 Rc2 32. Qd4 Kg7 33. Qa7+ Kh6 34. Qe3+ g5 35. Qe7 Qb6 36. Qf8+ Kg6 37. Qe8+ Kh6 38. Qh8+ Kg6 39. Qg8+ Kh6 40. Qf8+ Kg6 41. Qg8+ 1/2-1/2

[Event "Olympiad-41"]
[Site "Tromsoe"]
[Date "2014.08.11"]
[Round "9.2"]
[White "Drasko, Milan"]
[Black "Flores Rios, Mauricio"]
[Result "1/2-1/2"]
[WhiteElo "2437"]
[BlackElo "2537"]
[PlyCount "107"]
[EventDate "2014.08.02"]
[EventType "team-swiss"]
[EventRounds "11"]
[EventCountry "NOR"]
[SourceTitle "CBM 162"]
[Source "ChessBase"]
[SourceDate "2014.09.17"]
[SourceVersion "1"]
[SourceVersionDate "2014.09.17"]
[SourceQuality "1"]
[WhiteTeam "Montenegro"]
[BlackTeam "Chile"]
[WhiteTeamCountry "MNE"]
[BlackTeamCountry "CHI"]

1. Nf3 Nf6 2. g3 g6 3. Bg2 Bg7 4. d4 d5 5. 0-0 0-0 6. c4 c6 7. b3 dxc4 8. bxc4 c5 9. Bb2 Qb6 10. Qb3 Ne4 11. e3 Nc6 12. Ne5 Nd6 13. Nxc6 bxc6 14. dxc5 Qxc5 15. Bxg7 Kxg7 16. Nd2 Be6 17. Rfc1 Rfc8 18. Qb2+ Kg8 19. Nb3 Qb4 20. c5 Ne8 21. Qe5 Bxb3 22. Rab1 Qa5 23. Rxb3 Qc7 24. Qxc7 Rxc7 25. Rcb1 Nf6 26. Ra3 Nd7 27. Ra5 Kf8 28. Rb4 Rb8 29. a3 Ke8 30. Kf1 Kd8 31. Ke2 Rb5 32. Rbxb5 cxb5 33. c6 Nb8 34. Rxb5 Nxc6 35. g4 Kd7 36. g5 f6 37. f4 fxg5 38. Rxg5 e5 39. Bxc6+ Rxc6 40. Rxe5 Ra6 41. Rd5+ Ke6 42. Rd3 Ra4 43. Kf3 h6 44. e4 Kf6 45. Rc3 Ke6 46. h4 h5 47. Re3 Kf6 48. Rc3 Ke6 49. Ke3 Kf6 50. Rc6+ Kf7 51. e5 a5 52. Rf6+ Kg7 53. Rd6 Rxa3+ 54. Rd3 1/2-1/2

[Event "Olympiad-41"]
[Site "Tromsoe"]
[Date "2014.08.08"]
[Round "6.1"]
[White "Salem, AR Saleh"]
[Black "Flores Rios, Mauricio"]
[Result "1-0"]
[WhiteElo "2591"]
[BlackElo "2537"]
[PlyCount "97"]
[EventDate "2014.08.02"]
[EventType "team-swiss"]
[EventRounds "11"]
[EventCountry "NOR"]
[SourceTitle "CBM 162"]
[Source "ChessBase"]
[SourceDate "2014.09.17"]
[SourceVersion "1"]
[SourceVersionDate "2014.09.17"]
[SourceQuality "1"]
[WhiteTeam "United Arab Emirates"]
[BlackTeam "Chile"]
[WhiteTeamCountry "UAE"]
[BlackTeamCountry "CHI"]

1. e4 e5 2. Nf3 Nc6 3. Bb5 a6 4. Ba4 Nf6 5. 0-0 Be7 6. Re1 b5 7. Bb3 d6 8. c3 0-0 9. h3 Nb8 10. d4 Nbd7 11. Nbd2 Bb7 12. Bc2 Re8 13. Nf1 Bf8 14. Ng3 g6 15. Bg5 h6 16. Bd2 Bg7 17. Qc1 Kh7 18. b3 Rc8 19. Rb1 c6 20. a4 Qc7 21. Bd3 Rcd8 22. Qc2 Bc8 23. Ra1 Bb7 24. b4 Nb6 25. a5 Na8 26. Be3 Qb8 27. Qa2 Bc8 28. Rad1 Nc7 29. Bc2 Be6 30. Qb1 Ng8 31. Nf5 Bf6 32. dxe5 dxe5 33. Nd6 Re7 34. Bc5 Red7 35. Bb3 Kg7 36. Rd2 Bxb3 37. Qxb3 Ne6 38. Red1 Nxc5 39. bxc5 Kf8 40. g4 Re7 41. Kg2 Qa8 42. h4 Rb8 43. g5 Bh8 44. h5 Qa7 45. hxg6 fxg6 46. Nh4 Kg7 47. Ndf5+ gxf5 48. Nxf5+ Kg6 49. Rd6+ 1-0

[Event "Olympiad-41"]
[Site "Tromsoe"]
[Date "2014.08.05"]
[Round "4.2"]
[White "Flores Rios, Mauricio"]
[Black "Ftacnik, Lubomir"]
[Result "0-1"]
[WhiteElo "2537"]
[BlackElo "2571"]
[PlyCount "126"]
[EventDate "2014.08.02"]
[EventType "team-swiss"]
[EventRounds "11"]
[EventCountry "NOR"]
[SourceTitle "CBM 162"]
[Source "ChessBase"]
[SourceDate "2014.09.17"]
[SourceVersion "1"]
[SourceVersionDate "2014.09.17"]
[SourceQuality "1"]
[WhiteTeam "Chile"]
[BlackTeam "Slovakia"]
[WhiteTeamCountry "CHI"]
[BlackTeamCountry "SVK"]

1. d4 Nf6 2. c4 g6 3. Nc3 d5 4. Nf3 Bg7 5. Qb3 dxc4 6. Qxc4 0-0 7. e4 Bg4 8. Be3 Nfd7 9. 0-0-0 e5 10. dxe5 Nc6 11. h3 Be6 12. Qb5 Qc8 13. Ng5 a6 14. Qe2 Ndxe5 15. Nxe6 Qxe6 16. Nd5 Ne7 17. Nxe7+ Qxe7 18. f4 Nd7 19. Qc2 b5 20. Be2 c5 21. Bf3 Bd4 22. Bxd4 cxd4 23. Kb1 Nc5 24. Rxd4 Ne6 25. Rd2 Nxf4 26. Rc1 Rad8 27. a3 Ne6 28. Rd5 Nd4 29. Qd3 Nxf3 30. Qxf3 Rc8 31. Rxc8 Rxc8 32. Qd3 Rc4 33. Rd4 Rxd4 34. Qxd4 h5 35. g4 Qh4 36. gxh5 Qxh5 37. Qc3 Qe2 38. e5 Kh7 39. Qc7 Qd1+ 40. Ka2 Qd5+ 41. Kb1 Kh6 42. Qe7 Kh5 43. Ka1 Qe6 44. Qb7 Kh4 45. Qf3 Qf5 46. Qe3 g5 47. Ka2 Qf4 48. Qa7 Kxh3 49. Qxa6 Qxe5 50. a4 Qd5+ 51. Ka3 bxa4 52. Qf1+ Kg3 53. Qe1+ Kf4 54. Qc1+ Kf5 55. Kxa4 g4 56. Qc8+ Kg5 57. b4 g3 58. Qc1+ Kg4 59. b5 Qd4+ 60. Ka5 g2 61. Qc8+ f5 62. Qg8+ Kf3 63. Qb3+ Kf4 0-1

[Event "Olympiad-41"]
[Site "Tromsoe"]
[Date "2014.08.03"]
[Round "2.2"]
[White "Flores Rios, Mauricio"]
[Black "Mollah Abdullah, Al Rakib"]
[Result "1/2-1/2"]
[WhiteElo "2537"]
[BlackElo "2522"]
[PlyCount "102"]
[EventDate "2014.08.02"]
[EventType "team-swiss"]
[EventRounds "11"]
[EventCountry "NOR"]
[SourceTitle "CBM 162"]
[Source "ChessBase"]
[SourceDate "2014.09.17"]
[SourceVersion "1"]
[SourceVersionDate "2014.09.17"]
[SourceQuality "1"]
[WhiteTeam "Chile"]
[BlackTeam "Bangladesh"]
[WhiteTeamCountry "CHI"]
[BlackTeamCountry "BAN"]

1. d4 Nf6 2. c4 e6 3. g3 d5 4. Nf3 Bb4+ 5. Bd2 Be7 6. Bg2 c6 7. b3 b6 8. 0-0 Ba6 9. Qc2 0-0 10. Rd1 Nbd7 11. a4 c5 12. Na3 Bb7 13. Qb2 Ne4 14. Be1 Bf6 15. e3 Rc8 16. Rac1 dxc4 17. bxc4 Qc7 18. Nb5 Qb8 19. Qb1 Qa8 20. d5 exd5 21. cxd5 Bxd5 22. Rxd5 Qxd5 23. Nh4 Rfe8 24. Rd1 Qe6 25. Bxe4 Qxe4 26. Qxe4 Rxe4 27. Nd6 Rxh4 28. Nxc8 Rxa4 29. Rxd7 c4 30. Kg2 h6 31. Ne7+ Bxe7 32. Rxe7 b5 33. Rb7 a6 34. Kf3 Ra1 35. Bc3 Ra3 36. Bd4 Rb3 37. Ra7 Ra3 38. Ke4 b4 39. f4 c3 40. Rc7 a5 41. Rc4 Ra2 42. h4 Rg2 43. Kf3 Rd2 44. Bxc3 Rc2 45. Rc5 bxc3 46. Rxa5 Rh2 47. Rc5 c2 48. h5 f5 49. e4 fxe4+ 50. Kxe4 Rxh5 51. Rxc2 Ra5 1/2-1/2

[Event "Badalona op-A 39th"]
[Site "Badalona"]
[Date "2013.08.04"]
[Round "3"]
[White "Gallego Alcaraz, Andres Felipe"]
[Black "Flores Rios, Mauricio"]
[Result "0-1"]
[WhiteElo "2421"]
[BlackElo "2519"]
[PlyCount "104"]
[EventDate "2013.08.02"]
[EventType "swiss"]
[EventRounds "9"]
[EventCountry "ESP"]
[SourceTitle "CBM 155 Extra"]
[Source "ChessBase"]
[SourceDate "2013.08.26"]
[SourceVersion "1"]
[SourceVersionDate "2013.08.26"]
[SourceQuality "1"]

1. d4 Nf6 2. Nf3 g6 3. c4 Bg7 4. Nc3 d5 5. cxd5 Nxd5 6. e4 Nxc3 7. bxc3 0-0 8. Rb1 c5 9. Be2 b6 10. 0-0 Bb7 11. Qd3 Nd7 12. d5 c4 13. Qxc4 Nc5 14. Qb4 e6 15. Be3 Rc8 16. Rfd1 exd5 17. exd5 Re8 18. c4 Bf8 19. Qd2 Bd6 20. Bd4 Ne4 21. Qb2 Ba6 22. Ne5 Qc7 23. Ng4 h5 24. Bh8 f5 25. c5 bxc5 26. Bxa6 hxg4 27. Bxc8 Bxh2+ 28. Kf1 Rxc8 29. d6 Bxd6 30. Rxd6 Nxd6 31. Be5 Nc4 32. Qb3 Qf7 33. Bc3 Nb6 34. Rd1 Qxb3 35. axb3 c4 36. bxc4 Rxc4 37. Bd4 Ra4 38. Bxb6 axb6 39. Rd6 Rb4 40. Rxg6+ Kf7 41. Rh6 Rb2 42. g3 b5 43. Rb6 b4 44. Kg2 Ke7 45. Kg1 Rb1+ 46. Kg2 b3 47. Kh2 Kd7 48. Kg2 Kc7 49. Rb4 Kc6 50. Rb8 Kc5 51. Rf8 Rd1 52. Rb8 Kc4 0-1

[Event "Badalona op-A 39th"]
[Site "Badalona"]
[Date "2013.08.02"]
[Round "1"]
[White "Blandon Villa, Diego F"]
[Black "Flores Rios, Mauricio"]
[Result "0-1"]
[WhiteElo "2201"]
[BlackElo "2519"]
[PlyCount "92"]
[EventDate "2013.08.02"]
[EventType "swiss"]
[EventRounds "9"]
[EventCountry "ESP"]
[SourceTitle "CBM 155 Extra"]
[Source "ChessBase"]
[SourceDate "2013.08.26"]
[SourceVersion "1"]
[SourceVersionDate "2013.08.26"]
[SourceQuality "1"]

1. e4 c5 2. Nf3 e6 3. d4 cxd4 4. Nxd4 a6 5. Bd3 Qb6 6. Ne2 Nf6 7. Nbc3 Qc7 8. 0-0 b5 9. a3 Bb7 10. Bf4 d6 11. h3 Nbd7 12. Qd2 Be7 13. Rae1 0-0 14. Ng3 Rac8 15. Qe2 Nc5 16. Bc1 d5 17. Bf4 Bd6 18. Bg5 d4 19. Nb1 Nfd7 20. Bf4 Nxd3 21. Bxd6 Qxc2 22. Bxf8 Nxe1 23. Bxg7 Qxe2 24. Nxe2 Kxg7 25. Rxe1 e5 26. f3 Rc2 27. b4 Nb6 28. Nc1 Nc4 29. Nd3 f6 30. Rc1 Ra2 31. a4 Kg6 32. Nc5 Bc8 33. axb5 axb5 34. Nd3 Kg5 35. Kh2 Kh4 36. Rf1 Bxh3 37. Rf2 Ra1 38. Nd2 Bc8 39. Nb3 Rd1 40. Nbc5 Ne3 41. g3+ Kg5 42. Ra2 Rf1 43. Rf2 Ra1 44. Rb2 Kg6 45. Nb3 Rf1 46. Nd2 Rd1 0-1

[Event "Barcelona Sant Marti op-A 15th"]
[Site "Barcelona"]
[Date "2013.07.17"]
[Round "5"]
[White "Saptarshi, Roy Chowdhury"]
[Black "Flores Rios, Mauricio"]
[Result "0-1"]
[WhiteElo "2447"]
[BlackElo "2492"]
[PlyCount "90"]
[EventDate "2013.07.13"]
[EventType "swiss"]
[EventRounds "9"]
[EventCountry "ESP"]
[SourceTitle "CBM 155 Extra"]
[Source "ChessBase"]
[SourceDate "2013.08.26"]
[SourceVersion "1"]
[SourceVersionDate "2013.08.26"]
[SourceQuality "1"]

1. d4 Nf6 2. Nf3 g6 3. Nbd2 Bg7 4. e4 d6 5. Bc4 0-0 6. Qe2 Nh5 7. Nb3 e5 8. dxe5 dxe5 9. Bg5 Bf6 10. Rd1 Qe7 11. Be3 b6 12. 0-0 Bb7 13. Rfe1 a5 14. Bh6 Bg7 15. Qd2 Kh8 16. Bxg7+ Kxg7 17. Qc3 f6 18. Qd2 a4 19. Nc1 a3 20. b4 Nc6 21. Bd5 Nd8 22. Nd3 Qd7 23. Qc3 Bxd5 24. Ndxe5 Qc8 25. Rxd5 fxe5 26. Nxe5 Kg8 27. Nd7 Rf7 28. Qb3 Ne6 29. Ne5 Re7 30. Nc6 Rf7 31. Ne5 Rg7 32. Red1 Qe8 33. Ng4 Kh8 34. g3 Nf8 35. e5 Qe7 36. f4 Ne6 37. Rd7 Qe8 38. R7d5 Qf8 39. R5d2 Re8 40. Qxa3 g5 41. Qf3 gxf4 42. Nf6 Nxf6 43. exf6 Qxf6 44. Re2 Rf8 45. Kh1 Nd4 0-1

[Event "Barbera del Valles op 36th"]
[Site "Barbera del Valles"]
[Date "2013.07.06"]
[Round "3"]
[White "Flores Rios, Mauricio"]
[Black "Gagare, Shardul"]
[Result "1/2-1/2"]
[WhiteElo "2492"]
[BlackElo "2419"]
[PlyCount "33"]
[EventDate "2013.07.04"]
[EventType "swiss"]
[EventRounds "9"]
[EventCountry "ESP"]
[SourceTitle "CBM 155 Extra"]
[Source "ChessBase"]
[SourceDate "2013.08.26"]
[SourceVersion "1"]
[SourceVersionDate "2013.08.26"]
[SourceQuality "1"]

1. d4 d5 2. c4 dxc4 3. e3 Nf6 4. Bxc4 e6 5. Nf3 a6 6. 0-0 c5 7. dxc5 Bxc5 8. Qxd8+ Kxd8 9. b3 Ke7 10. Bb2 b5 11. Be2 Bb7 12. a4 bxa4 13. Rxa4 Nbd7 14. Nbd2 Nb6 15. Ra2 a5 16. Rfa1 Bb4 17. Nc4 1/2-1/2

[Event "Montcada op 21st"]
[Site "Montcada"]
[Date "2013.06.29"]
[Round "5"]
[White "Moreno Ruiz, Javier"]
[Black "Flores Rios, Mauricio"]
[Result "1/2-1/2"]
[WhiteElo "2486"]
[BlackElo "2492"]
[PlyCount "82"]
[EventDate "2013.06.25"]
[EventType "swiss"]
[EventRounds "9"]
[EventCountry "ESP"]
[SourceTitle "CBM 155 Extra"]
[Source "ChessBase"]
[SourceDate "2013.08.26"]
[SourceVersion "1"]
[SourceVersionDate "2013.08.26"]
[SourceQuality "1"]

1. c4 e5 2. g3 Nc6 3. Bg2 Bc5 4. Nc3 a6 5. e3 d6 6. Nge2 Nge7 7. b3 Bf5 8. d4 Ba7 9. dxe5 dxe5 10. Ba3 Qd7 11. Qxd7+ Bxd7 12. Nd5 Nxd5 13. cxd5 Ne7 14. Rc1 Bb6 15. Nc3 Nf5 16. Ne4 0-0-0 17. Nc5 Bxc5 18. Rxc5 Kb8 19. 0-0 f6 20. Rfc1 Rc8 21. R5c3 Rhe8 22. Bb4 g6 23. a4 Nh6 24. Bf1 Nf7 25. Ba5 b6 26. Bb4 Kb7 27. a5 e4 28. axb6 cxb6 29. d6 Bc6 30. Rxc6 Rxc6 31. Bxa6+ Kxa6 32. Rxc6 Kb5 33. Rc7 Kxb4 34. Rxf7 b5 35. Rb7 Rd8 36. d7 Kc5 37. Kf1 Kc6 38. Ra7 Kb6 39. Ra2 Rxd7 40. b4 Rd3 41. Rb2 f5 1/2-1/2